00456nam a2200193 a 4500001001300000003000900013005001700022008004100039020001000080082001600090100001400106245002000120260004000140300000800180500003500188505001500223650001000238700001400248nice12345678IN_TiNIC20260116012424.0050524s1969 hyda grp 000 0 urd  ac10000a303.66bLAL aLal, Brij aQaumi Yakjehti. aHyderabadbHindustani Sahtiyac1969 a48p aincludes index and biblioraphy2 aChronology aPeace1 aLal, Brij